[Event "IECG CF.2005.0.00068 email"]
[Site "IECG email"]
[Date "2005.02.27"]
[Round "?"]
[White "Bernachea, Hugo"]
[Black "Heiser, Jerome"]
[Result "1/2-1/2"]
[WhiteElo "1058"]
[BlackElo "1090"]
[PlyCount "48"]
[EventDate "2005.02.27"]
[EventType "tourn (corr)"]
[EventRounds "6"]
[SourceTitle "Corr 2008"]
[Source "ChessBase"]
[SourceDate "2008.06.24"]
[SourceVersion "1"]
[SourceVersionDate "2008.06.24"]
[SourceQuality "1"]

1. c4 e5 2. Nc3 Nf6 3. g3 Nc6 4. Bg2 Bc5 5. Nf3 0-0 6. 0-0 d6 7. d3 a5 8. Bg5 h6 9. Bh4 Nd4 10. Bxf6 Qxf6 11. Nd2 Qg6 12. Nd5 Qh5 13. e3 Qxd1 14. Raxd1 Ne6 15. Bh3 c6 16. Ne7+ Kh8 17. Ne4 Bd7 18. d4 exd4 19. exd4 Bb4 20. a3 Rfe8 21. axb4 Rxe7 22. Nxd6 Nd8 23. Bg2 axb4 24. Rfe1 Re6 1/2-1/2

[Event "IECG CP.2003.P.00054 email"]
[Site "IECG email"]
[Date "2003.10.01"]
[Round "?"]
[White "Bernachea, Hugo"]
[Black "Vaassen, Jack M"]
[Result "0-1"]
[WhiteElo "800"]
[BlackElo "2225"]
[PlyCount "102"]
[EventDate "2003.10.01"]
[EventType "tourn (corr)"]
[EventRounds "6"]
[EventCountry "NED"]
[SourceTitle "Corr 2008"]
[Source "ChessBase"]
[SourceDate "2008.06.24"]
[SourceVersion "1"]
[SourceVersionDate "2008.06.24"]
[SourceQuality "1"]

1. e4 c5 2. Nf3 d6 3. d4 cxd4 4. Nxd4 Nf6 5. Nc3 g6 6. Be3 Bg7 7. f3 0-0 8. Qd2 Nc6 9. 0-0-0 d5 10. exd5 Nxd5 11. Nxc6 bxc6 12. Nxd5 cxd5 13. Qxd5 Qc7 14. Qc5 Qb8 15. b3 Bf5 16. Bd3 Rc8 17. Qa5 Bc3 18. Qa4 Qe5 19. Qf4 Qa5 20. Qa4 Qxa4 21. bxa4 Be6 22. Ba6 Rc7 23. Bf4 Rc5 24. a3 Bf5 25. Bb7 Re8 26. Be3 Rc7 27. Be4 Bxe4 28. fxe4 Rec8 29. Rd3 Be5 30. Kd1 Rxc2 31. Rd8+ Rxd8+ 32. Kxc2 a6 33. Rb1 Bxh2 34. Rb7 Rc8+ 35. Kd3 Kf8 36. Rb6 Ra8 37. Bc5 Ke8 38. Rb7 Rd8+ 39. Kc4 Bd6 40. Bb4 Rc8+ 41. Kd3 Rb8 42. Ra7 Bxb4 43. axb4 Rxb4 44. Rxa6 f6 45. a5 Ra4 46. g4 Kf7 47. Ke3 h5 48. gxh5 gxh5 49. Kf4 e6 50. Ra8 Ra3 51. Ra7+ Kg6 0-1

[Event "IECG TE.2001.P.00608 email"]
[Site "IECG email"]
[Date "2001.03.20"]
[Round "?"]
[White "Weggen, Rick HM"]
[Black "Bernachea, Hugo"]
[Result "0-1"]
[WhiteElo "1634"]
[BlackElo "800"]
[PlyCount "102"]
[EventDate "2001.03.20"]
[EventType "tourn (corr)"]
[EventRounds "12"]
[SourceTitle "Corr 2008"]
[Source "ChessBase"]
[SourceDate "2008.06.24"]
[SourceVersion "1"]
[SourceVersionDate "2008.06.24"]
[SourceQuality "1"]

1. e4 c5 2. d4 cxd4 3. c3 dxc3 4. Nxc3 Nc6 5. Nf3 e6 6. Bc4 Nge7 7. 0-0 Ng6 8. Be3 Be7 9. Rc1 a6 10. Na4 0-0 11. Nb6 Rb8 12. Qc2 Bd6 13. Be2 Bc7 14. Na4 Nf4 15. Rfd1 f5 16. exf5 Rxf5 17. Nd4 Nxe2+ 18. Nxe2 Qh4 19. f4 b5 20. Nc5 Bb6 21. Bf2 Qe7 22. Ne4 Bxf2+ 23. Kxf2 Bb7 24. Nd6 Rff8 25. Kg1 Qh4 26. a3 Ba8 27. Rd3 Qf6 28. Rh3 h6 29. Ne4 Qe7 30. Qd3 e5 31. Nc5 d6 32. Nxa6 Rbc8 33. Kh1 Nd4 34. Rg1 Nxe2 35. Qxe2 Qa7 36. Nb4 Rxf4 37. Rc3 Rxc3 38. bxc3 Qf7 39. Nd3 Re4 40. Qd2 Qd5 41. Qc2 Re3 42. Nb2 Qe4 43. Qxe4 Bxe4 44. Nd1 Re2 45. h4 d5 46. Kh2 Ra2 47. h5 Rxa3 48. Rf1 Ra1 49. Ne3 Rxf1 50. Nxf1 d4 51. cxd4 exd4 0-1

[Event "IECG CN.2000.0.00217"]
[Site "IECG email"]
[Date "2000.10.11"]
[Round "?"]
[White "Tomlinson, Mark"]
[Black "Bernachea, Hugo"]
[Result "0-1"]
[WhiteElo "800"]
[BlackElo "800"]
[PlyCount "32"]
[EventDate "2000.10.11"]
[EventType "tourn (corr)"]
[EventRounds "6"]
[SourceTitle "Corr 2008"]
[Source "ChessBase"]
[SourceDate "2008.06.24"]
[SourceVersion "1"]
[SourceVersionDate "2008.06.24"]
[SourceQuality "1"]

1. d4 e6 2. c4 Nf6 3. Nc3 c5 4. d5 exd5 5. cxd5 d6 6. e4 g6 7. f3 Bg7 8. Bg5 0-0 9. Nge2 Re8 10. Ng3 Nxe4 11. Ncxe4 Qxg5 12. Be2 Qe7 13. Qd2 f5 14. Nc3 Bd4 15. Nb5 Be3 16. Qd3 a6 0-1

[Event "IECG CP.2000.P.00086"]
[Site "IECG email"]
[Date "2000.10.01"]
[Round "?"]
[White "Bernachea, Hugo"]
[Black "Brayman, Neal Zvi"]
[Result "1-0"]
[WhiteElo "800"]
[BlackElo "1858"]
[PlyCount "61"]
[EventDate "2000.10.01"]
[EventType "tourn (corr)"]
[EventRounds "6"]
[EventCountry "GER"]
[SourceTitle "Corr 2008"]
[Source "ChessBase"]
[SourceDate "2008.06.24"]
[SourceVersion "1"]
[SourceVersionDate "2008.06.24"]
[SourceQuality "1"]

1. d4 e6 2. e4 d5 3. Nd2 Nf6 4. e5 Nfd7 5. Bd3 c5 6. c3 Nc6 7. Ne2 Qb6 8. Nf3 cxd4 9. cxd4 f6 10. exf6 Nxf6 11. 0-0 Bd6 12. Nc3 0-0 13. Be3 Bd7 14. a3 Be8 15. Qd2 Ng4 16. Ng5 Bxh2+ 17. Kh1 Bg6 18. Bxg6 hxg6 19. Qe2 Nxe3 20. Qxe3 Nxd4 21. Kxh2 Rf5 22. Rad1 Qd6+ 23. f4 Rxg5 24. Qxd4 Rh5+ 25. Kg1 Rf8 26. Ne4 Qc6 27. Ng5 Rh4 28. Qxa7 Rhxf4 29. Rxf4 Rxf4 30. Qb8+ Rf8 31. Qh2 1-0